000 00917nas a2200325 4500
001 BR2013008255
003 BR-BrBNA
005 20231205123046.0
007 ta
008 230509b bl.|||p| |||| 00| 00por d
040 _aBR-BrBNA
_bpor
_cBiblioteca Nacional de Agricultura
041 _a(En)
072 _aL51
100 1 _aLima, J.A. de
100 1 _aGavioli, I.L. de C.
100 1 _aBarbosa, C.M.P.
100 1 _aBerndt, A.
100 1 _aGimenes, F.M. de A.
100 1 _aPaz, C.C. de P.
245 1 _aSoybean silage and sugarcane tops silage on lamb performance
650 _aCORDEIRO
650 _aCONSUMO
650 _aCONVERSÃO ALIMENTAR
650 _aGANHO DE PESO
650 _aSILAGEM
650 _aSOJA
773 0 _tCiência Rural (Brazil)
_xISSN 0103-8478
_g(Aug 2013), v. 43(8) p. 1478-1484
_wBR2013008255
909 _a202311
_bLúcia
_c55
_dLúcia Elande
942 _2AGRIS
_n0
_cANA
999 _c231981
_d231981